| 000 | 00457cam a22001457a 4500 | ||
|---|---|---|---|
| 008 | 180718b2005 xxu||||| |||| 00| 0 eng d | ||
| 020 | _a8175412275 | ||
| 082 | _aT19x54 C393m | ||
| 100 | _aChaudhuri, Saumitra | ||
| 245 |
_aMid- year review of the Indian economy 2004-2005 _cby Saumitra Chaudhuri |
||
| 260 |
_aNew Delhi _bShipra _c2005 |
||
| 300 | _a147p. | ||
| 650 | _aIndia - Economic policy, 2004-2005 | ||
| 650 | _aIndia - Economic conditions, 2004-2005 | ||
| 999 |
_c493721 _d493721 |
||